000 00486nmm a2200169Ia 4500
008 251105s9999||||xx |||||||||||||||||und||
020 _a9788498166262
041 _aspa
100 _aMenendez y Pelayo, Marcelino
245 0 _aHistoria de los heterodoxos españoles : Libro I
264 _a[Madrid, España] :
_bLinkgua,
_c2011
300 _a412 páginas
490 _aReligión
650 _aReligion(s)
856 _uhttps://public.digitaliapublishing.com/a/13538
942 _cCF
999 _c91335
_d91335